000 00764nam a2200253 i 4500
005 20210818182010.0
008 070803s2007 ck o gr 000 0 spa
020 _a9789584500007
040 _aCOMFC
_bspa
_erda
245 0 0 _aAlbahaca
246 1 4 _aSubtítulo: Basílica, albácar, hierba real
264 0 1 _aBogotá
_bNorma
_c2007
300 _a32 páginas
_bfotografías
_c21 cm
336 _2rdacontent
_atxt
337 _2rdamedia
_an
338 _2rdacarrier
_anc
500 _aIncluye glosario
082 0 4 _a641.357
_bD946a
650 1 4 _aAlbahaca (Cocina)
650 1 4 _aAlbahaca
_xUso terapéutico
650 2 4 _aPlantas aromáticas (Cocina)
650 2 4 _aPlantas de condimento
942 _2ddc
_h641.357 D946a
_k641.357
_mD946a
999 _c13709
_d13709